The past and the present : Narragansett sea and shore : an illustrated guide to Providence, Newport, Narragansett Pier, Block Island, Watch Hill, Rocky Point, Silver Spring and all the famous sea-side resorts of Rhode Island ... /

Bibliographic Details
Main Author: Denison, Frederic, 1819-1901
Format: Book
Language:English
Published: Providence : J. A. & R. A. Reid, [1880]
Edition:2nd and rev. ed.
Subjects:

MARC

Tag First Indicator Second Indicator Subfields
LEADER 00000cam a2200000 4500
001 in00000336294
005 20151011055058.0
008 770725s1880 riuab 00010 eng d
035 |a (OCoLC)03139034 
035 |9 ABM2119AM 
040 |a TXA  |c TXA  |d UtOrBLW 
049 |a TXAM  |c [1109293] 
090 |a F84  |b .D46 1880 
100 1 |a Denison, Frederic,  |d 1819-1901. 
245 1 4 |a The past and the present :  |b Narragansett sea and shore : an illustrated guide to Providence, Newport, Narragansett Pier, Block Island, Watch Hill, Rocky Point, Silver Spring and all the famous sea-side resorts of Rhode Island ... /  |c by Frederic Dension. 
250 |a 2nd and rev. ed. 
264 1 |a Providence :  |b J. A. & R. A. Reid,  |c [1880] 
264 4 |c ©1880 
300 |a 118 pages, 2 unnumbered leaves of plates :  |b illustrations, maps (2 folded) ;  |c 25 cm. 
336 |a text  |b txt  |2 rdacontent 
337 |a unmediated  |b n  |2 rdamedia 
338 |a volume  |b nc  |2 rdacarrier 
500 |a Includes advertising matter. 
651 0 |a Rhode Island  |x Description and travel. 
651 0 |a Narragansett Bay (R.I.)  |x Description and travel. 
740 0 |a Narragansett sea and shore. 
999 |a MARS 
999 f f |s d430e334-264d-38da-bd7b-9547d66353ca  |i 2617d685-a49d-3c8e-8712-e3392336986e  |t 0 
952 f f |p ric  |a Texas A&M University  |b Rellis Campus  |c Joint Library Facility  |d Remote Storage  |t 0  |e F84 .D46 1880  |h Library of Congress classification  |i unmediated -- volume  |m A14802269411 
998 f f |a F84 .D46 1880  |t 0  |l Remote Storage